000
00325nam a22001457a 4500
003
SGT
020
_a
978-1-118-38188-5
082
_a
618.92
_b
R18T
100
_a
THAPAR, ANITA
245
_a
RUTTER'S CHILD AND ADOLESCENT PSYCHIATRY
250
_a
6TH
260
_b
WILEY BLACKWELL
_c
2018
300
_a
1077
942
_2
ddc
_c
BK
999
_c
18072
_d
18072